000 00701nam a2200205Ia 4500
003 GCL
008 140319s9999 xx 000 0 ara d
040 _aGCL /
_cGCL
082 0 4 _a962.06
_bع ى
100 1 _aعصام حسونة
245 1 0 _a23 يوليو وعبد الناصر : شهادتى /
_cعصام حسونة
250 _aالاولى
260 _aالقاهرة :
_bمركز الاهرام للترجمة والنشر ،
_c1990
300 _a279 ص ؛
_c24سم
650 0 4 _aثورة 23 يوليو 1952
650 0 4 _aجمال عبدالناصر
650 0 4 _aمصر - الاحوال السياسية
650 0 4 _aمصر - تاريخ - العصر الحديث
942 _2ddc
_cBK
999 _c31269
_d31269